书目信息 |
| 题名: |
指挥法
|
|
| 作者: | 杨嘉仁 遗著 ;杨大经 整理 | |
| 分册: | ||
| 出版信息: | 上海 上海音乐出版社 1997.12 |
|
| 页数: | 164页 | |
| 开本: | 16开 | |
| 丛书名: | ||
| 单 册: | ||
| 中图分类: | J615.2 | |
| 科图分类: | ||
| 主题词: | 音乐--技术--方法 | |
| 电子资源: | ||
| ISBN: | 7-80553-513-2 | |
| 000 | 00572nam0 2200205 45 | |
| 001 | 0009211002 | |
| 005 | 20031230105209.0 | |
| 010 | @a7-80553-513-2@dCNY16.00 | |
| 100 | @a20000921d1997 km y0chiy0120 ea | |
| 101 | 0 | @achi |
| 105 | @a z 000yy | |
| 200 | 1 | @a指挥法@f杨嘉仁遗著@FYang Jia Ren Yi Zhu@g杨大经整理 |
| 210 | @a上海@c上海音乐出版社@d1997.12 | |
| 215 | @a164页@d16开 | |
| 606 | 0 | @a音乐@x技术@x方法 |
| 690 | @aJ615.2@v1 | |
| 701 | 0 | @a杨嘉仁@4遗著 |
| 702 | 0 | @a杨大经@AYang Da Jing@4整理 |
| 801 | @aCN@bTSTC@c20000921 | |
| 905 | @b290671-675@dJ615.2@e167@f5 | |
| 指挥法/杨嘉仁遗著/杨大经整理.-上海:上海音乐出版社,1997.12 |
| 164页;16开 |
| ISBN 7-80553-513-2:CNY16.00 |
| ● |
| 相关链接 |
|
|
|
|
正题名:指挥法
索取号:J615.2/167
 
预约/预借
| 序号 | 登录号 | 条形码 | 馆藏地/架位号 | 状态 | 备注 |
| 1 | 0290671 | 002906715 | 第一借阅区/ [索取号:J615.2/167] | 在馆 | |
| 2 | 0290672 | 002906724 | 第一借阅区/ [索取号:J615.2/167] | 在馆 | |
| 3 | 0290673 | 002906733 | 第一借阅区/ [索取号:J615.2/167] | 在馆 | |
| 4 | 0290674 | 002906742 | 第一借阅区/ [索取号:J615.2/167] | 在馆 | |
| 5 | 0290675 | 002906751 | 第一样本阅览室/ [索取号:J615.2/167] | 在馆 | |
| 6 | 0311696 | 203116966 | 第一借阅区/ [索取号:J615.2/167] | 在馆 | |
| 7 | 0311697 | 203116975 | 第一借阅区/ [索取号:J615.2/167] | 在馆 | |
| 8 | 0311698 | 203116984 | 第一借阅区/ [索取号:J615.2/167] | 在馆 |